[Event "VIE-ch (Women)"]
[White "Bui, Kim Le"]
[Black "Tran, Thi Mong Thu"]
[Site "Tinh Bac Giang"]
[Round "5"]
[Result "1/2-1/2"]
[Date "2022.02.28"]
[WhiteElo "2022"]
[BlackElo "1854"]
[PlyCount "112"]
[EventDate "2022.02.28"]
[EventType "swiss"]
[EventRounds "9"]
[EventCountry "VIE"]
[SourceTitle "CBM 207 Extra"]
[Source "ChessBase"]
[SourceDate "2022.05.31"]
[SourceVersion "1"]
[SourceVersionDate "2022.05.31"]
[SourceQuality "1"]

1. e4 c5 2. Nf3 d6 3. Bb5+ Bd7 4. Bxd7+ Nxd7 5. c4 g6 6. Nc3 Bg7 7. d4 cxd4 8. Nxd4 Qc7 9. b3 a6 10. Bb2 Ngf6 11. 0-0 0-0 12. Qd2 Nc5 13. Rfe1 Rad8 14. Rad1 Qc8 15. f3 Rfe8 16. Kh1 h5 17. Nd5 e5 18. Ne2 Kh7 19. Nxf6+ Bxf6 20. Nc3 Bg7 21. Nd5 Re6 22. Ba3 Qc6 23. Qa5 Rc8 24. Nb6 Rc7 25. Rd5 Nd7 26. Nxd7 Rxd7 27. Red1 Bf8 28. h3 Be7 29. c5 Bf8 30. cxd6 Qc2 31. R5d2 Qc8 32. Qc5 Qd8 33. Rd5 Rf6 34. Bb4 Re6 35. Ba5 Qe8 36. Bc7 Bh6 37. Qb6 Qc8 38. b4 Bg5 39. b5 Bd8 40. Bxd8 Qxd8 41. Qxd8 Rxd8 42. bxa6 bxa6 43. Kg1 Kg7 44. Kf2 f6 45. R1d3 Rd7 46. Ke3 Kf7 47. Kd2 Re8 48. Kc3 Rc8+ 49. Kb4 Ke6 50. Ka5 Rc6 51. a4 h4 52. Rb3 Rc2 53. Rb8 Rxg2 54. Re8+ Kf7 55. Rh8 Ke6 56. Re8+ Kf7 1/2-1/2

[Event "VIE-ch (Women)"]
[White "Thai, Ngoc Tuong Minh"]
[Black "Tran, Thi Mong Thu"]
[Site "Tinh Bac Giang"]
[Round "2"]
[Result "0-1"]
[Date "2022.02.28"]
[WhiteElo "1547"]
[BlackElo "1854"]
[PlyCount "132"]
[EventDate "2022.02.28"]
[EventType "swiss"]
[EventRounds "9"]
[EventCountry "VIE"]
[SourceTitle "CBM 207 Extra"]
[Source "ChessBase"]
[SourceDate "2022.05.31"]
[SourceVersion "1"]
[SourceVersionDate "2022.05.31"]
[SourceQuality "1"]

1. Nf3 Nf6 2. g3 g6 3. Bg2 Bg7 4. d3 d5 5. Nbd2 0-0 6. e4 dxe4 7. dxe4 c6 8. 0-0 Na6 9. Qe2 Qc7 10. Nc4 Be6 11. Bf4 Qc8 12. Rad1 h6 13. c3 Nc5 14. Rfe1 Bh3 15. Qe3 Bxg2 16. Kxg2 Ncxe4 17. Bxh6 Nxf2 18. Qxf2 Bxh6 19. Rxe7 Nd5 20. Re4 Qd8 21. Rde1 Bg7 22. h4 Nf6 23. Re7 b5 24. Ncd2 Qd5 25. Rxa7 Ng4 26. Qb6 Bh6 27. Nb3 Rae8 28. Rae7 Rxe7 29. Rxe7 Qd1 30. Qd4 Qc2+ 31. Nfd2 Qf5 32. Re4 Nf6 33. Re2 Bg7 34. Rf2 Qe6 35. Nc5 Qe7 36. Ndb3 Rd8 37. Qf4 Nd5 38. Qe4 Qa7 39. a3 Bf8 40. Nd3 Ne3+ 41. Kh1 Nf5 42. Rf3 Qd7 43. h5 Re8 44. Qg4 Qe6 45. hxg6 fxg6 46. Nd4 Nxd4 47. Qxd4 Bg7 48. Qf2 Qd5 49. Kh2 Qd6 50. Nf4 g5 51. Nh5 Qh6 52. g4 Rd8 53. Kg2 Qe6 54. Kh3 Rd1 55. Rf5 Qd6 56. Ng3 Rd2 57. Qf3 Rd3 58. Qf2 Rd2 59. Qf1 Rd3 60. Rf3 Rd2 61. Qe1 Be5 62. Qg1 Bxg3 63. b4 Rh2+ 64. Qxh2 Bxh2 65. Kg2 Bf4 66. c4 bxc4 0-1

[Event "VIE-ch (Women)"]
[White "Tran, Thi Mong Thu"]
[Black "Dao, Thien Kim"]
[Site "Tinh Bac Giang"]
[Round "6"]
[Result "1-0"]
[Date "2022.02.28"]
[WhiteElo "1854"]
[BlackElo "1862"]
[PlyCount "157"]
[EventDate "2022.02.28"]
[EventType "swiss"]
[EventRounds "9"]
[EventCountry "VIE"]
[SourceTitle "CBM 207 Extra"]
[Source "ChessBase"]
[SourceDate "2022.05.31"]
[SourceVersion "1"]
[SourceVersionDate "2022.05.31"]
[SourceQuality "1"]

1. e4 d5 2. exd5 Qxd5 3. Nc3 Qa5 4. Nf3 Nf6 5. Be2 Bf5 6. 0-0 e6 7. b3 c6 8. Bb2 Nbd7 9. Re1 Bd6 10. g3 0-0 11. a3 h6 12. d4 Rad8 13. Nh4 Bh3 14. Bf3 Be7 15. Qe2 Nd5 16. Nxd5 cxd5 17. Ng2 Bg5 18. Ne3 a6 19. a4 Nb8 20. c4 Nc6 21. c5 Rfe8 22. Bh5 Bf6 23. Rad1 Qc7 24. Bg4 Bxg4 25. Nxg4 Be7 26. Qd2 Kh7 27. b4 Ra8 28. Bc3 b6 29. b5 axb5 30. axb5 Na7 31. c6 Nc8 32. Ne5 Kg8 33. Qd3 Nd6 34. Bd2 Ra4 35. Bf4 Bg5 36. Bxg5 hxg5 37. Rb1 Rea8 38. Rb3 Nf5 39. Nf3 g4 40. Ne5 Nxd4 41. Rbb1 R8a5 42. Nxg4 Nxb5 43. Rxb5 Rxg4 44. Rxa5 bxa5 45. Rb1 Rc4 46. Rb7 Qc8 47. Qf3 f6 48. Qh5 Qf8 49. c7 Qc8 50. Rb8 Rxc7 51. Rxc8+ Rxc8 52. Qg4 Kf7 53. Qa4 Rc7 54. Qxa5 Rd7 55. Kf1 e5 56. Ke2 d4 57. Kd3 g6 58. f4 Re7 59. fxe5 fxe5 60. Ke4 Kf6 61. Qd8 Kf7 62. h4 Re8 63. Qd5+ Kf8 64. g4 Re7 65. g5 Rf7 66. Qd6+ Kg7 67. Qxe5+ Kh7 68. Qe6 Kg7 69. Kxd4 Rf4+ 70. Ke3 Rxh4 71. Qf6+ Kh7 72. Qf7+ Kh8 73. Qxg6 Rh7 74. Qe8+ Kg7 75. Kf4 Rh1 76. Qd7+ Kh8 77. Kf5 Rh7 78. Qd4+ Kg8 79. Kg6 1-0

[Event "Hanoi (Women) op 12"]
[White "Nguyen, Thuy Linh1"]
[Black "Tran, Thi Mong Thu"]
[Site "Hanoi"]
[Round "6"]
[Result "1-0"]
[Date "2022.??.??"]
[WhiteElo "1393"]
[BlackElo "1846"]
[PlyCount "87"]
[EventDate "2022.12.11"]
[EventType "swiss"]
[EventRounds "9"]
[EventCountry "VIE"]
[SourceTitle "CBM 211 Extra"]
[Source "ChessBase"]
[SourceDate "2023.01.31"]
[SourceVersion "1"]
[SourceVersionDate "2023.01.31"]
[SourceQuality "1"]

1. d4 d5 2. c4 e6 3. Nf3 Nf6 4. Nc3 Be7 5. g3 0-0 6. Bg2 c6 7. 0-0 Nbd7 8. Nd2 Re8 9. e4 dxe4 10. Ndxe4 Nxe4 11. Nxe4 f5 12. Nc3 Nb6 13. d5 Nxc4 14. dxc6 Na5 15. cxb7 Bxb7 16. Bxb7 Nxb7 17. Bf4 Qb6 18. Qe2 Bf6 19. Be5 Bxe5 20. Qxe5 Rac8 21. Rab1 Nd6 22. Rfd1 Nf7 23. Qf4 h6 24. h4 Qb7 25. Na4 Qa6 26. b3 Rc2 27. Rd2 Rec8 28. Rbd1 Qa5 29. Rxc2 Rxc2 30. Qb8+ Kh7 31. Qe8 Nd6 32. Qxe6 Ne4 33. Rf1 Nd2 34. Rd1 Ne4 35. b4 Qb5 36. Nc5 Rxc5 37. bxc5 Qxc5 38. Rf1 Nxg3 39. Re1 Ne4 40. Re3 h5 41. Rf3 g6 42. Qf7+ Kh6 43. Qg8 Qd4 44. Kg2 1-0

[Event "Hanoi (Women) op 12"]
[White "Tran, Thi Mong Thu"]
[Black "Vu, Khanh Linh"]
[Site "Hanoi"]
[Round "3"]
[Result "1/2-1/2"]
[Date "2022.??.??"]
[WhiteElo "1846"]
[BlackElo "1514"]
[PlyCount "87"]
[EventDate "2022.12.11"]
[EventType "swiss"]
[EventRounds "9"]
[EventCountry "VIE"]
[SourceTitle "CBM 211 Extra"]
[Source "ChessBase"]
[SourceDate "2023.01.31"]
[SourceVersion "1"]
[SourceVersionDate "2023.01.31"]
[SourceQuality "1"]

1. e4 e5 2. Nf3 Nc6 3. Bb5 a6 4. Ba4 Be7 5. 0-0 Nf6 6. Re1 b5 7. Bb3 0-0 8. c3 d6 9. h3 Na5 10. Bc2 c5 11. d4 Qc7 12. Bg5 h6 13. Bh4 Bb7 14. d5 Nc4 15. b3 Nb6 16. Nbd2 c4 17. b4 a5 18. a3 axb4 19. axb4 Rxa1 20. Qxa1 Ra8 21. Qc1 Nh5 22. Nf1 Nf4 23. Qe3 Na4 24. Kh2 Nb2 25. Rb1 Nbd3 26. Bxe7 Qxe7 27. Bxd3 Nxd3 28. Ng3 Bc8 29. Ne1 Nf4 30. Qb6 Qa7 31. Qe3 Bd7 32. Qd2 Qb6 33. Rb2 Ra4 34. Nf1 Qd8 35. Ne3 Qh4 36. Ra2 Nd3 37. Rxa4 bxa4 38. Nxc4 Nxf2 39. Nxd6 a3 40. Nc2 a2 41. Na1 Bxh3 42. Kg1 Bxg2 43. Qxa2 Nh3+ 44. Kxg2 1/2-1/2

[Event "VIE-ch (Women)"]
[White "Tran, Thi Mong Thu"]
[Black "Vu, Thi Dieu Uyen"]
[Site "Ho Chi Minh City"]
[Round "7"]
[Result "0-1"]
[Date "2021.03.28"]
[WhiteElo "1859"]
[BlackElo "1757"]
[PlyCount "83"]
[EventDate "2021.03.24"]
[EventType "swiss"]
[EventRounds "9"]
[EventCountry "VIE"]
[SourceTitle "EXT 2022"]
[Source "ChessBase"]
[SourceDate "2021.10.06"]
[SourceVersion "1"]
[SourceVersionDate "2021.10.06"]
[SourceQuality "1"]

1. e4 c5 2. Nf3 Nc6 3. d4 cxd4 4. Nxd4 g6 5. Nc3 Bg7 6. Be3 Nf6 7. Be2 0-0 8. 0-0 d5 9. exd5 Nxd5 10. Nxd5 Qxd5 11. Bf3 Qa5 12. Nb3 Qc7 13. c3 Bf5 14. g3 Rfd8 15. Qc1 Ne5 16. Be2 Bh3 17. Nd4 Bxf1 18. Qxf1 a6 19. a4 Nd7 20. a5 Nc5 21. Ra3 e5 22. Nf3 Qe7 23. Qh3 Ne6 24. Nd2 Qd7 25. Qf1 Nc7 26. Ne4 Nd5 27. Bg5 f6 28. Bc1 Kh8 29. Ra1 f5 30. Ng5 f4 31. Bc4 Qf5 32. Nf3 fxg3 33. fxg3 e4 34. Ng5 Rd7 35. Qe2 Re8 36. g4 Qe5 37. Ra4 e3 38. Nf3 Qe7 39. Bxd5 Rxd5 40. c4 Qd7 41. Ra1 Qxg4+ 42. Kh1 0-1

[Event "VIE-ch (Women)"]
[White "Dang, Bich Ngoc"]
[Black "Tran, Thi Mong Thu"]
[Site "Ho Chi Minh City"]
[Round "2"]
[Result "1-0"]
[Date "2021.03.25"]
[WhiteElo "2106"]
[BlackElo "1859"]
[PlyCount "111"]
[EventDate "2021.03.24"]
[EventType "swiss"]
[EventRounds "9"]
[EventCountry "VIE"]
[SourceTitle "EXT 2022"]
[Source "ChessBase"]
[SourceDate "2021.10.06"]
[SourceVersion "1"]
[SourceVersionDate "2021.10.06"]
[SourceQuality "1"]

1. Nf3 Nf6 2. g3 g6 3. Bg2 Bg7 4. 0-0 0-0 5. d4 d5 6. c4 e6 7. Nc3 b6 8. cxd5 exd5 9. Bf4 Bb7 10. Rc1 Na6 11. Nb5 Ne8 12. h4 c6 13. Nc3 Nac7 14. Qd2 Nd6 15. b3 Re8 16. Ng5 h6 17. Nh3 Kh7 18. Rfe1 Ne6 19. e3 Nf5 20. Qd3 c5 21. dxc5 Nxc5 22. Qb1 Re7 23. b4 Ne6 24. Red1 Rd7 25. Nxd5 Bxd5 26. Rxd5 Rxd5 27. Bxd5 Qxd5 28. e4 Qb5 29. exf5 Qxf5 30. Qxf5 gxf5 31. Be3 Rd8 32. Kg2 Rd3 33. Nf4 Nxf4+ 34. Bxf4 Ra3 35. Rc2 Bf8 36. Bd2 Kg6 37. Kf1 Rd3 38. Ke2 Rd7 39. Rc6+ f6 40. h5+ Kf7 41. Bc3 Be7 42. Ke3 Bd6 43. a4 Ke6 44. Rc8 Rc7 45. Rxc7 Bxc7 46. Kd3 Bd6 47. Bd2 Bf8 48. Kc4 Kd6 49. Kb5 Kc7 50. Bf4+ Kb7 51. Kc4 a6 52. Kd5 Kc8 53. Ke6 Bxb4 54. Bxh6 b5 55. axb5 a5 56. Bg7 1-0

[Event "VIE-ch (Women)"]
[White "Le, Thi Thu Huong"]
[Black "Tran, Thi Mong Thu"]
[Site "Ho Chi Minh City"]
[Round "3"]
[Result "1/2-1/2"]
[Date "2021.03.25"]
[WhiteElo "2002"]
[BlackElo "1859"]
[PlyCount "121"]
[EventDate "2021.03.24"]
[EventType "swiss"]
[EventRounds "9"]
[EventCountry "VIE"]
[SourceTitle "EXT 2022"]
[Source "ChessBase"]
[SourceDate "2021.10.06"]
[SourceVersion "1"]
[SourceVersionDate "2021.10.06"]
[SourceQuality "1"]

1. d4 d5 2. Nf3 Nf6 3. e3 e6 4. b3 b6 5. Bb2 Bb7 6. Nbd2 Bd6 7. Be2 0-0 8. 0-0 Nbd7 9. Ne5 c5 10. f4 cxd4 11. exd4 Rc8 12. Rc1 Qe7 13. a4 Rfd8 14. Qe1 Nf8 15. Bd3 N6d7 16. f5 exf5 17. Bxf5 f6 18. Nxd7 Qxe1 19. Rfxe1 Nxd7 20. g3 Rc7 21. Nf1 Nf8 22. Re3 g6 23. Bd3 Kf7 24. Rce1 Re7 25. c4 Rde8 26. Rxe7+ Rxe7 27. Ne3 Ke8 28. Kf2 dxc4 29. bxc4 f5 30. Ra1 a5 31. Rb1 Nd7 32. Bc3 Ba8 33. Ng2 Bc6 34. Ra1 Nf6 35. Bd2 Ne4+ 36. Bxe4 Rxe4 37. Be3 Bb4 38. d5 Bd7 39. Bxb6 Rxc4 40. Ne3 Re4 41. Nc2 Bd6 42. Bxa5 Bxa4 43. Ne3 Bc5 44. Bd2 Kd7 45. Kf3 Kd6 46. Rc1 Bb3 47. Rb1 Bxe3 48. Bxe3 Bxd5 49. Kf2 Ra4 50. Bf4+ Kc5 51. Rb2 Be4 52. h4 Kc4 53. Rd2 Bd3 54. Ke3 Ra3 55. Kf2 Ra1 56. Kg2 Kd4 57. Bg5 Ke4 58. Bf4 Ra3 59. Rb2 Bc4 60. Rc2 Ra2 61. Rxa2 1/2-1/2

[Event "VIE Cup (Women)"]
[White "Tran, Thi Mong Thu"]
[Black "Hoang, Thi Bao Tram"]
[Site "Hanoi"]
[Round "3"]
[Result "0-1"]
[Date "2021.??.??"]
[WhiteElo "1854"]
[BlackElo "2269"]
[PlyCount "108"]
[EventDate "2021.05.03"]
[EventType "swiss"]
[EventRounds "9"]
[EventCountry "VIE"]
[SourceTitle "EXT 2022"]
[Source "ChessBase"]
[SourceDate "2021.10.06"]
[SourceVersion "1"]
[SourceVersionDate "2021.10.06"]
[SourceQuality "1"]

1. e4 c6 2. d4 d5 3. Nc3 dxe4 4. Nxe4 Bf5 5. Ng3 Bg6 6. h4 h6 7. h5 Bh7 8. Nf3 Nd7 9. Bd3 Bxd3 10. Qxd3 e6 11. Bd2 Ngf6 12. 0-0-0 Be7 13. Ne2 Qb6 14. Nf4 0-0-0 15. Qb3 Qxb3 16. axb3 Ng4 17. Be3 Bd6 18. Nd3 Rhe8 19. Nd2 Bc7 20. Rde1 Ndf6 21. Nc4 Rd5 22. Nce5 Bxe5 23. dxe5 Nxe5 24. Nxe5 Rxe5 25. Bxa7 Rxe1+ 26. Rxe1 Nxh5 27. Bd4 Rd8 28. c3 Nf4 29. Kc2 Rg8 30. Ra1 Kd7 31. Ra7 Kc7 32. g3 Ng6 33. b4 f6 34. c4 Ne7 35. Ra1 Nf5 36. Bc3 Nd6 37. b3 e5 38. Re1 Re8 39. f3 Nf5 40. g4 Nd6 41. Kd3 Rd8 42. Ke3 b5 43. c5 Nc8 44. f4 exf4+ 45. Kxf4 Rd3 46. Re3 Rxe3 47. Kxe3 Kd7 48. Ke4 Ke6 49. Bd2 Ne7 50. Bf4 Ng6 51. Bd2 Ne5 52. Kf4 g5+ 53. Kg3 f5 54. gxf5+ Kxf5 0-1

[Event "VIE Cup (Women)"]
[White "Tran, Thi Mong Thu"]
[Black "Nguyen, Ngoc Hien1"]
[Site "Hanoi"]
[Round "5"]
[Result "1-0"]
[Date "2021.??.??"]
[WhiteElo "1854"]
[BlackElo "1377"]
[PlyCount "105"]
[EventDate "2021.05.03"]
[EventType "swiss"]
[EventRounds "9"]
[EventCountry "VIE"]
[SourceTitle "EXT 2022"]
[Source "ChessBase"]
[SourceDate "2021.10.06"]
[SourceVersion "1"]
[SourceVersionDate "2021.10.06"]
[SourceQuality "1"]

1. e4 e6 2. d4 d5 3. Nc3 Nf6 4. e5 Nfd7 5. Nce2 c5 6. c3 Nc6 7. Nf3 cxd4 8. cxd4 f6 9. Nf4 Bb4+ 10. Bd2 Qe7 11. Nd3 Bxd2+ 12. Qxd2 fxe5 13. Ndxe5 0-0 14. Bd3 Ndxe5 15. dxe5 Rxf3 16. gxf3 Nxe5 17. Be2 Qf6 18. Rg1 Nxf3+ 19. Bxf3 Qxf3 20. Qd4 Qf7 21. 0-0-0 Bd7 22. Kb1 g6 23. Ka1 a5 24. h4 a4 25. h5 Qg7 26. hxg6 hxg6 27. a3 Rf8 28. Qd3 Rf5 29. Rg2 Qf6 30. Rdg1 Be8 31. Qc2 Kf8 32. Rh1 Rf3 33. Ka2 Qd4 34. Rgh2 Qc4+ 35. Qxc4 dxc4 36. Rh8+ Ke7 37. R1h7+ Bf7 38. Rb8 Rxf2 39. Rxb7+ Kf8 40. Rb8+ Ke7 41. Kb1 e5 42. Rb7+ Kf8 43. Rh8+ Kg7 44. Ra8 e4 45. Re7 g5 46. Kc1 Kh6 47. Rxe4 Bd5 48. Ra6+ Kh5 49. Re5 Bf7 50. Rxa4 Rg2 51. Rb4 Kh6 52. Rb6+ Kh5 53. a4 1-0

[Event "VIE-ch op (Women)"]
[White "Bui, Thi Diep Anh"]
[Black "Tran, Thi Mong Thu"]
[Site "Hanoi"]
[Round "8"]
[Result "1-0"]
[Date "2020.11.28"]
[WhiteElo "2292"]
[BlackElo "2296"]
[PlyCount "81"]
[EventDate "2020.11.23"]
[EventType "swiss"]
[EventRounds "9"]
[EventCountry "VIE"]
[SourceTitle "CBM 199 Extra"]
[Source "ChessBase"]
[SourceDate "2021.01.31"]
[SourceVersion "1"]
[SourceVersionDate "2021.01.31"]
[SourceQuality "1"]

1. e4 c5 2. Nf3 d6 3. d4 cxd4 4. Nxd4 Nf6 5. Nc3 Nc6 6. Be3 a6 7. f3 e6 8. Qd2 Bd7 9. 0-0-0 Qc7 10. g4 h6 11. h4 0-0-0 12. Qf2 Ne5 13. Nb3 Nc4 14. Bxc4 Qxc4 15. Bb6 a5 16. Bxd8 Kxd8 17. Qb6+ Qc7 18. Qxa5 Qxa5 19. Nxa5 Kc7 20. Rd3 Be7 21. Rhd1 Ra8 22. Nc4 Ne8 23. Nxd6 Bxd6 24. e5 Bxe5 25. Rxd7+ Kc6 26. Rxf7 Nc7 27. f4 Bxc3 28. bxc3 Rxa2 29. Rdd7 Nd5 30. Rxb7 Ra4 31. Ra7 Re4 32. g5 hxg5 33. hxg5 g6 34. f5 exf5 35. Ra6+ Kb5 36. Rxg6 Nxc3 37. Rxf5+ Kc4 38. Rc6+ Kd4 39. Kb2 Nd1+ 40. Kb3 Ne3 41. Rd6+ 1-0

[Event "VIE-ch op (Women)"]
[White "Tran, Thi Mong Thu"]
[Black "Tran, Le Dan Thuy"]
[Site "Hanoi"]
[Round "4"]
[Result "0-1"]
[Date "2020.11.25"]
[WhiteElo "2296"]
[BlackElo "2303"]
[PlyCount "44"]
[EventDate "2020.11.23"]
[EventType "swiss"]
[EventRounds "9"]
[EventCountry "VIE"]
[SourceTitle "CBM 199 Extra"]
[Source "ChessBase"]
[SourceDate "2021.01.31"]
[SourceVersion "1"]
[SourceVersionDate "2021.01.31"]
[SourceQuality "1"]

1. e4 c5 2. Nf3 d6 3. d4 cxd4 4. Nxd4 Nf6 5. Nc3 a6 6. Be3 e6 7. f4 Qc7 8. Qd2 b5 9. 0-0-0 Bb7 10. Kb1 Nxe4 11. Nxe4 Bxe4 12. Bxb5+ axb5 13. Nxb5 Qc6 14. Nxd6+ Bxd6 15. Qxd6 Bxc2+ 16. Ka1 Bxd1 17. Qxc6+ Nxc6 18. Rxd1 Nb4 19. Kb1 Nxa2 20. Bc5 f6 21. Ba3 Rxa3 22. bxa3 Nc3+ 0-1

[Event "VIE-ch op (Women)"]
[White "Dong, Khanh Linh"]
[Black "Tran, Thi Mong Thu"]
[Site "Hanoi"]
[Round "3"]
[Result "1/2-1/2"]
[Date "2020.11.24"]
[WhiteElo "2305"]
[BlackElo "2296"]
[PlyCount "80"]
[EventDate "2020.11.23"]
[EventType "swiss"]
[EventRounds "9"]
[EventCountry "VIE"]
[SourceTitle "CBM 199 Extra"]
[Source "ChessBase"]
[SourceDate "2021.01.31"]
[SourceVersion "1"]
[SourceVersionDate "2021.01.31"]
[SourceQuality "1"]

1. e4 c5 2. Nf3 d6 3. d4 cxd4 4. Nxd4 Nf6 5. Nc3 Nc6 6. Bg5 e6 7. Qd2 a6 8. f4 Bd7 9. 0-0-0 b5 10. Bxf6 gxf6 11. f5 Nxd4 12. Qxd4 Bh6+ 13. Kb1 Bf4 14. fxe6 fxe6 15. Be2 h5 16. Qf2 Be5 17. Qh4 Ke7 18. Bxh5 Be8 19. g4 Qa5 20. Rd3 Rc8 21. Rf1 b4 22. Ne2 Bb5 23. Nc1 Bxd3 24. Nxd3 Rcg8 25. Qf2 Ra8 26. h4 Qb5 27. Nxe5 Qxe5 28. Qb6 Rad8 29. g5 Rhf8 30. Bg6 Qb5 31. gxf6+ Rxf6 32. Rxf6 Kxf6 33. Qxd8+ Kxg6 34. Qg8+ Kh5 35. Kc1 Qf1+ 36. Kd2 Qf2+ 37. Kd3 Qf3+ 38. Kd2 Qf2+ 39. Kd3 Qf3+ 40. Kd2 Qf2+ 1/2-1/2

[Event "VIE-ch (Women)"]
[White "Le, Thuy An"]
[Black "Tran, Thi Mong Thu"]
[Site "Hanoi"]
[Round "8"]
[Result "0-1"]
[Date "2020.10.10"]
[WhiteElo "1756"]
[BlackElo "1846"]
[PlyCount "64"]
[EventDate "2020.10.05"]
[EventType "swiss"]
[EventRounds "9"]
[EventCountry "VIE"]
[SourceTitle "EXT 2022"]
[Source "ChessBase"]
[SourceDate "2021.10.06"]
[SourceVersion "1"]
[SourceVersionDate "2021.10.06"]
[SourceQuality "1"]

1. e4 c5 2. Nf3 d6 3. d4 cxd4 4. Nxd4 Nf6 5. Nc3 Nc6 6. Be3 g6 7. f3 Bg7 8. Qd2 0-0 9. 0-0-0 a6 10. g4 Ne5 11. h4 h5 12. gxh5 Nxh5 13. f4 Ng4 14. f5 Nxe3 15. Qxe3 Kh7 16. Kb1 e6 17. Nf3 exf5 18. Ng5+ Kg8 19. exf5 Bxf5 20. Nd5 Re8 21. Qb3 b5 22. Bd3 Bxd3 23. Qxd3 Ra7 24. Rhg1 Re5 25. Rdf1 Qe8 26. a3 a5 27. Nf4 Nxf4 28. Rxf4 Re1+ 29. Rxe1 Qxe1+ 30. Ka2 Qe5 31. Qb3 Qxf4 32. Qxb5 Ra8 0-1

[Event "VIE-ch (Women)"]
[White "Tran, Thi Mong Thu"]
[Black "Dong, Khanh Linh"]
[Site "Hanoi"]
[Round "7"]
[Result "0-1"]
[Date "2020.10.09"]
[WhiteElo "1846"]
[BlackElo "2019"]
[PlyCount "52"]
[EventDate "2020.10.05"]
[EventType "swiss"]
[EventRounds "9"]
[EventCountry "VIE"]
[SourceTitle "EXT 2022"]
[Source "ChessBase"]
[SourceDate "2021.10.06"]
[SourceVersion "1"]
[SourceVersionDate "2021.10.06"]
[SourceQuality "1"]

1. e4 c5 2. Nf3 d6 3. d4 cxd4 4. Nxd4 Nf6 5. Nc3 a6 6. Be2 e5 7. Nb3 Be7 8. Be3 Be6 9. 0-0 0-0 10. f3 Nbd7 11. a4 Nb6 12. a5 Nc4 13. Bxc4 Bxc4 14. Rf2 Rc8 15. Na4 Nd7 16. Rd2 f5 17. Nc3 f4 18. Bf2 Rf6 19. Nd5 Rg6 20. Nxe7+ Qxe7 21. Qe1 Qg5 22. g4 fxg3 23. hxg3 Rf8 24. Kg2 Qh5 25. g4 Rxf3 26. Bg3 Qxg4 0-1

[Event "VIE-ch (Women)"]
[White "Bach, Ngoc Thuy Duong"]
[Black "Tran, Thi Mong Thu"]
[Site "Hanoi"]
[Round "2"]
[Result "1-0"]
[Date "2020.10.06"]
[WhiteElo "2239"]
[BlackElo "1846"]
[PlyCount "125"]
[EventDate "2020.10.05"]
[EventType "swiss"]
[EventRounds "9"]
[EventCountry "VIE"]
[SourceTitle "EXT 2022"]
[Source "ChessBase"]
[SourceDate "2021.10.06"]
[SourceVersion "1"]
[SourceVersionDate "2021.10.06"]
[SourceQuality "1"]

1. d4 d5 2. c4 e6 3. Nc3 Nf6 4. cxd5 exd5 5. Bg5 Bb4 6. Qc2 0-0 7. e3 h6 8. Bh4 c6 9. Bd3 Nbd7 10. Nf3 Re8 11. 0-0 a6 12. a3 Be7 13. Bg3 Nh5 14. Nxd5 Nxg3 15. Nxe7+ Qxe7 16. hxg3 Nf6 17. Ne5 Be6 18. b4 Qd6 19. Rab1 Rac8 20. Rfe1 Nd5 21. Bh7+ Kf8 22. Bf5 Kg8 23. Bd3 Qe7 24. Qc5 Qd8 25. a4 Nc7 26. Qc2 Nd5 27. Bh7+ Kh8 28. Bf5 Qf6 29. Bxe6 Qxe6 30. e4 Nf6 31. f4 Kg8 32. f5 Qd6 33. Red1 Nh7 34. Rb3 Ng5 35. Nc4 Qd8 36. e5 Rc7 37. Nd6 Ree7 38. f6 gxf6 39. Nf5 Re6 40. Nxh6+ Kg7 41. Nf5+ Kg8 42. Nh6+ Kg7 43. Ng4 fxe5 44. dxe5 Rd7 45. Rxd7 Qxd7 46. Rd3 Qe7 47. Qd2 Rg6 48. Rd6 Ne6 49. Nf6 Nf8 50. Qf4 Ne6 51. Qh4 Ng5 52. Nh5+ Kf8 53. Nf6 Kg7 54. Nh5+ Kf8 55. Rxg6 fxg6 56. Nf4 Kf7 57. Qh8 b5 58. a5 c5 59. bxc5 Qxc5+ 60. Kh2 Qc6 61. Qh6 Ne4 62. e6+ Ke7 63. Qg7+ 1-0

[Event "VIE-ch (Women)"]
[White "Tran, Thi Mong Thu"]
[Black "Nguyen, Thi Diem Huong"]
[Site "Hanoi"]
[Round "1"]
[Result "1-0"]
[Date "2020.10.05"]
[WhiteElo "1846"]
[BlackElo "2061"]
[PlyCount "57"]
[EventDate "2020.10.05"]
[EventType "swiss"]
[EventRounds "9"]
[EventCountry "VIE"]
[SourceTitle "EXT 2022"]
[Source "ChessBase"]
[SourceDate "2021.10.06"]
[SourceVersion "1"]
[SourceVersionDate "2021.10.06"]
[SourceQuality "1"]

1. e4 c6 2. d4 d5 3. Nc3 dxe4 4. Nxe4 Bf5 5. Ng3 Bg6 6. h4 h6 7. Bd3 Bxd3 8. Qxd3 e6 9. Nf3 Nf6 10. Bd2 Bd6 11. 0-0 0-0 12. Rfe1 Nbd7 13. c4 c5 14. Rad1 cxd4 15. Qxd4 Qc7 16. Ne4 Nxe4 17. Qxe4 Nb6 18. b3 Rad8 19. Bc3 Rfe8 20. Qg4 f5 21. Qh3 Re7 22. Nd4 e5 23. Nxf5 Red7 24. Nxd6 Rxd6 25. Rxd6 Qxd6 26. Bxe5 Qc6 27. Qg4 Qd7 28. Qg3 Qf7 29. Re3 1-0

[Event "VIE-chT (Women)"]
[White "Nguyen, Hong Anh"]
[Black "Tran, Thi Mong Thu"]
[Site "Bac Giang"]
[Round "2.11"]
[Result "1-0"]
[Date "2020.06.06"]
[WhiteElo "1436"]
[BlackElo "1846"]
[PlyCount "51"]
[EventDate "2020.06.06"]
[EventType "swiss"]
[EventRounds "9"]
[EventCountry "VIE"]
[SourceTitle "CBM 197 Extra"]
[Source "ChessBase"]
[SourceDate "2020.09.30"]
[SourceVersion "1"]
[SourceVersionDate "2020.09.30"]
[SourceQuality "1"]

1. d4 d5 2. c4 e6 3. Nf3 Nf6 4. g3 g6 5. Bg2 Bg7 6. 0-0 0-0 7. Nc3 Nbd7 8. Qd3 c6 9. e4 dxe4 10. Nxe4 Nxe4 11. Qxe4 Qe7 12. Bf4 Qb4 13. b3 c5 14. Bd6 Re8 15. Rad1 Qb6 16. dxc5 Nxc5 17. Qf4 Nd7 18. Ng5 f6 19. Ne4 Qa5 20. Bc7 Qxa2 21. Nd6 Rf8 22. Nxc8 Raxc8 23. Rxd7 Qxb3 24. Qe4 Rfe8 25. Qxb7 Qxc4 26. Bd6 1-0

[Event "ASEAN-ch (Women) 4th"]
[White "Nguyen, Thien Ngan"]
[Black "Tran, Thi Mong Thu"]
[Site "Bac Giang"]
[Round "5"]
[Result "0-1"]
[Date "2019.10.28"]
[WhiteElo "1972"]
[BlackElo "1845"]
[PlyCount "111"]
[EventDate "2019.10.25"]
[EventType "swiss"]
[EventRounds "9"]
[EventCountry "VIE"]
[SourceTitle "CBM 192 Extra"]
[Source "Chessbase"]
[SourceDate "2019.11.06"]
[SourceVersion "1"]
[SourceVersionDate "2019.11.06"]
[SourceQuality "1"]

1. e4 c5 2. Nf3 d6 3. d4 cxd4 4. Nxd4 Nf6 5. Nc3 a6 6. Be2 e6 7. a4 Qc7 8. 0-0 Be7 9. Be3 b6 10. f4 Bb7 11. Bd3 Nbd7 12. Qe2 h5 13. Kh1 Nc5 14. Bd2 h4 15. Rf3 d5 16. e5 Nfe4 17. Bxe4 dxe4 18. Rh3 Rd8 19. Be3 g6 20. Qg4 Rg8 21. Nce2 Qd7 22. b3 f5 23. exf6 Bxf6 24. b4 e5 25. Qxd7+ Nxd7 26. fxe5 Nxe5 27. Rf1 Ng4 28. Rf4 Nxe3 29. Rxf6 Nd5 30. Re6+ Kd7 31. Rxh4 Kc8 32. Rh7 Rd7 33. Rxd7 Kxd7 34. c4 Ne3 35. Rxb6 Kc7 36. c5 Nd5 37. Ne6+ Kb8 38. Rd6 Nxb4 39. N2d4 Rc8 40. Kg1 e3 41. Kf1 Ka7 42. g3 Be4 43. Ke2 Nd5 44. Nc6+ Rxc6 45. Rxc6 Nc3+ 46. Kxe3 Bxc6 47. a5 Kb7 48. h4 Bd7 49. Nd4 Na4 50. Kf4 Nxc5 51. Ke5 Kc7 52. Kd5 Nb7 53. Nb3 Bg4 54. Ke5 Bd1 55. Nd4 Nc5 56. Kf6 0-1